000 00212 a2200097 4500
001 25871
100 _aRatcliff, A J J
245 _aShort Stories By H G Wells
260 _a
_bT. Nelson
_c
090 _c17489
_d17489
942 _aNUST-CAE
_cM
_c8323
999 _c260944
_d260944